Hong Kong Briefing Residential leasing (Record no. 114474)

MARC details
000 -LEADER
fixed length control field 00859cad a22002055a 4500
001 - CONTROL NUMBER
control field L156890
008 - FIXED-LENGTH DATA ELEMENTS--GENERAL INFORMATION
fixed length control field 120727s2012 xxk f 000 0 eng d
035 ## - SYSTEM CONTROL NUMBER
System control number (Sirsi) u156890
041 0# - LANGUAGE CODE
Language code of text/sound track or separate title eng
110 2# - MAIN ENTRY--CORPORATE NAME
Corporate name or jurisdiction name as entry element Savills
9 (RLIN) 2020
245 00 - TITLE STATEMENT
Title Hong Kong Briefing Residential leasing
Medium [electronic resource]
260 ## - PUBLICATION, DISTRIBUTION, ETC.
Place of publication, distribution, etc. Hong Kong
Name of publisher, distributor, etc. Savills
Date of publication, distribution, etc. 2012
490 #0 - SERIES STATEMENT
Series statement Savills Research Hong Kong Briefing Residential Leasing
Volume/sequential designation July 2012
520 ## - SUMMARY, ETC.
Summary, etc. Notes downwards rental trends across all sectors in Hong Kong due to corporate budget restraints in meeting executive housing costs.
590 ## - LOCAL NOTE (RLIN)
Local note KA
651 #4 - SUBJECT ADDED ENTRY--GEOGRAPHIC NAME
Geographic name Hong Kong
690 ## - LOCAL SUBJECT ADDED ENTRY--TOPICAL TERM (OCLC, RLIN)
Topical term or geographic name as entry element Residential property
9 (RLIN) 6266
856 40 - ELECTRONIC LOCATION AND ACCESS
Uniform Resource Identifier <a href="https://pdf.savills.asia/asia-pacific-research/hong-kong-research/hong-kong-residential/resl07-2012.pdf">https://pdf.savills.asia/asia-pacific-research/hong-kong-research/hong-kong-residential/resl07-2012.pdf</a>
Public note View the item free of charge from the www.pdf.savills.asia website.
942 ## - ADDED ENTRY ELEMENTS (KOHA)
Suppress in OPAC 0
Holdings
Withdrawn status Lost status Source of classification or shelving scheme Damaged status Not for loan Home library Current library Shelving location Date acquired Total Checkouts Full call number Barcode Date last seen Copy number Price effective from Koha item type
    Dewey Decimal Classification     Virtual Virtual Online 27/07/2012   ONLINE PUBLICATION 156890-2001 06/08/2019 1 06/08/2019 Book